000 00634nam a2200205Ia 4500
003 GCL
008 140319s9999 xx 000 0 ara d
040 _aGCL /
_cGCL
082 0 4 _a813.01
_bط ع
100 1 _aطه محمود مقلد
245 1 0 _aعندما يكتمل القمر /
_cطه محمود مقلد
260 _a[S.N] :
_bالهيئة المصرية العامة للكتاب ،
_c1994
300 _a151 ص
490 _aاشراقات ادبية
_v0
650 0 4 _aالادب العربى
650 0 4 _aالقصص العربية
650 0 4 _aالقصص القصيرة
650 0 4 _aالادب
942 _2ddc
_cBK
999 _c37096
_d37096